[Event "Chigorin Memorial 25th"]
[Site "St Petersburg"]
[Date "2017.10.28"]
[Round "8"]
[White "Kobozev, Aleksandr"]
[Black "Vorobyova, Valeriya"]
[Result "0-1"]
[WhiteElo "1554"]
[BlackElo "1945"]
[PlyCount "48"]
[EventDate "2017.10.21"]
[EventType "swiss"]
[EventRounds "9"]
[EventCountry "RUS"]
[SourceTitle "CBM 181 Extra"]
[Source "ChessBase"]
[SourceDate "2017.12.12"]
[SourceVersion "1"]
[SourceVersionDate "2017.12.12"]
[SourceQuality "1"]

1. e4 c5 2. c3 Nf6 3. e5 Nd5 4. Nf3 e6 5. d4 cxd4 6. cxd4 d6 7. Bc4 Nb6 8. Bd3 Be7 9. 0-0 Nc6 10. a3 Bd7 11. Nc3 Na5 12. b3 Bc6 13. Nd2 dxe5 14. b4 Qxd4 15. Nb5 Bxb5 16. Bxb5+ Nc6 17. Qc2 Rc8 18. Bb2 Qd5 19. Bc4 Nxc4 20. Nxc4 Nd4 21. Qa4+ b5 22. Qa6 Rxc4 23. Rac1 Ne2+ 24. Kh1 Nxc1 0-1

[Event "Chigorin Memorial 25th"]
[Site "St Petersburg"]
[Date "2017.10.22"]
[Round "2"]
[White "Kobozev, Aleksandr"]
[Black "Shavykin, Oleg"]
[Result "1-0"]
[WhiteElo "1554"]
[BlackElo "2002"]
[PlyCount "87"]
[EventDate "2017.10.21"]
[EventType "swiss"]
[EventRounds "9"]
[EventCountry "RUS"]
[SourceTitle "CBM 181 Extra"]
[Source "ChessBase"]
[SourceDate "2017.12.12"]
[SourceVersion "1"]
[SourceVersionDate "2017.12.12"]
[SourceQuality "1"]

1. e4 c5 2. c3 Nf6 3. e5 Nd5 4. d4 e6 5. Nf3 a6 6. c4 Nc7 7. d5 d6 8. Bg5 f6 9. exf6 gxf6 10. Bh4 Qe7 11. Be2 Bh6 12. Nc3 0-0 13. 0-0 e5 14. Ne4 Ne8 15. Nfd2 Bf5 16. Bg4 Bg6 17. Ng3 Ng7 18. Nde4 Bg5 19. Bxg5 fxg5 20. Be6+ Kh8 21. Qg4 h6 22. Qe2 Nd7 23. a3 Rf4 24. b4 b6 25. f3 Nf8 26. Bh3 h5 27. Qe3 Nh7 28. Ne2 Rxe4 29. fxe4 g4 30. Bxg4 hxg4 31. Nc3 Qh4 32. bxc5 bxc5 33. Rab1 Ng5 34. Rfe1 Rf8 35. Qg3 Qh5 36. Rb6 Rf4 37. Rxd6 Nxe4 38. Nxe4 Bxe4 39. Rxa6 Nf5 40. Qb3 g3 41. hxg3 Nxg3 42. Qxg3 Rg4 43. Rh6+ Qxh6 44. Qxg4 1-0